| 000 | 00383cam a2200169ua 4500 | ||
|---|---|---|---|
| 020 | _c4.00 | ||
| 041 |
_ahin _h |
||
| 082 |
_a891.54 _bPRE/PR |
||
| 100 | _aPremchand, . | ||
| 245 |
_aPremsharam / _cPremchand. _hTextual Documents |
||
| 260 |
_a : _bSaraswathi press , _c1962. |
||
| 300 | _a328 ; . | ||
| 365 | _a4.00 | ||
| 504 | _a | ||
| 942 | _cBK | ||
| 999 |
_c11661 _d11661 |
||